000 00617nam a2200181Ia 4500
005 20250423101723.0
008 250422s9999 xx 000 0 und d
020 _a9781284059274
050 _aTK 5105.78 .J56/
100 _aDoherty, Jim
245 0 _aWireless and mobile device security
260 _aBurlington
260 _bJones & Bartlett Learning
260 _c2016
300 _a392 p
650 _a Wireless communication systems--Security measures. Mobile communication systems--Security measures. Wireless LANs--Security measures. Mobile computing--Security measures.
942 _cBK
999 _c37079
_d37079